My Favorite Countries - Statistics

General Stats
  • This quiz has been taken 36 times
  • The average score is 6 of 15
Answer Stats
Answer % Correct
United States
94%
France
81%
UK
81%
Australia
61%
Italy
61%
Ukraine
39%
Denmark
35%
Switzerland
35%
Latvia
23%
Lithuania
23%
Estonia
19%
Chile
16%
Singapore
10%
Vanuatu
6%
Mauritius
3%
No matching quizzes found
Score Distribution
Percent of People with Each Score
Percentile by Number Answered
Your Score History
You have not taken this quiz